[Event "WC-2011-F-00003"]
[Site "LSS email"]
[Date "2011.11.23"]
[Round "?"]
[White "Koslowski, Volker"]
[Black "Lehnen, Patric"]
[Result "1-0"]
[WhiteElo "2253"]
[BlackElo "2261"]
[PlyCount "77"]
[EventDate "2011.12.01"]
[EventType "tourn (corr)"]
[EventRounds "14"]
[EventCountry "GER"]
[SourceTitle "Telechess CBM 163"]
[Source "ChessBase"]
[SourceDate "2014.11.11"]
[SourceVersion "2"]
[SourceVersionDate "2014.11.11"]
[SourceQuality "1"]

1. e4 e6 2. d4 d5 3. Nc3 Nf6 4. e5 Nfd7 5. f4 c5 6. Nf3 Nc6 7. Bd3 Nxd4 8. Nxd4 cxd4 9. Ne2 Bc5 10. 0-0 0-0 11. Qe1 a5 12. Qg3 f5 13. Qh3 Nb8 14. g4 Qb6 15. Kh1 Nc6 16. gxf5 exf5 17. a3 a4 18. Bd2 Rf7 19. Rg1 Nd8 20. Ng3 g6 21. Nh5 Bf8 22. Bb4 Bg7 23. Rg3 Nc6 24. Bd6 Bd7 25. Rag1 Re8 26. Qg2 Ne7 27. Nxg7 Rxg7 28. h4 Qxb2 29. h5 Qb6 30. Qh3 Qc6 31. R3g2 Qb6 32. hxg6 hxg6 33. Rh2 Kf7 34. Qh4 Ng8 35. c4 Qb3 36. Rhg2 Re6 37. Bc2 Qe3 38. Re1 Qc3 39. Bb4 1-0

[Event "WC-2011-F-00003"]
[Site "LSS email"]
[Date "2011.11.23"]
[Round "?"]
[White "Lehnen, Patric"]
[Black "Degterev, Pavel"]
[Result "1/2-1/2"]
[WhiteElo "2261"]
[BlackElo "2200"]
[PlyCount "61"]
[EventDate "2011.12.01"]
[EventType "tourn (corr)"]
[EventRounds "14"]
[EventCountry "GER"]
[SourceTitle "Telechess CBM 163"]
[Source "ChessBase"]
[SourceDate "2014.11.11"]
[SourceVersion "2"]
[SourceVersionDate "2014.11.11"]
[SourceQuality "1"]

1. d4 Nf6 2. c4 c5 3. d5 e6 4. Nc3 exd5 5. cxd5 d6 6. e4 g6 7. f4 Bg7 8. Bb5+ Nfd7 9. a4 0-0 10. Nf3 Na6 11. 0-0 Nb4 12. Re1 a6 13. Bf1 Re8 14. h3 f5 15. Bd2 fxe4 16. Nxe4 Nf6 17. Nxf6+ Bxf6 18. Qb3 Rxe1 19. Rxe1 Bd7 20. Kh2 Qa5 21. Bc3 Bxa4 22. Qc4 Bb5 23. Qe4 Re8 24. Qb1 Rf8 25. Bxb5 Qxb5 26. Qe4 Qd7 27. Bxb4 cxb4 28. Qxb4 Qc7 29. Kg3 a5 30. Qb5 Qc8 31. Qb6 1/2-1/2

[Event "WC-2011-F-00003"]
[Site "LSS email"]
[Date "2011.11.23"]
[Round "?"]
[White "Lehnen, Patric"]
[Black "Pely, Giora"]
[Result "1/2-1/2"]
[WhiteElo "2261"]
[BlackElo "2144"]
[PlyCount "125"]
[EventDate "2011.12.01"]
[EventType "tourn (corr)"]
[EventRounds "14"]
[EventCountry "GER"]
[SourceTitle "Telechess CBM 163"]
[Source "ChessBase"]
[SourceDate "2014.11.11"]
[SourceVersion "2"]
[SourceVersionDate "2014.11.11"]
[SourceQuality "1"]

1. d4 d5 2. c4 c6 3. Nf3 Nf6 4. Nc3 e6 5. Bg5 dxc4 6. e4 b5 7. e5 h6 8. Bh4 g5 9. Nxg5 hxg5 10. Bxg5 Nbd7 11. exf6 Bb7 12. g3 Qb6 13. Bg2 0-0-0 14. 0-0 c5 15. d5 b4 16. Na4 Qb5 17. a3 exd5 18. axb4 cxb4 19. Bf4 Qc6 20. Qd4 Bh6 21. Bxh6 Rxh6 22. Qxa7 Qc7 23. Rfe1 Rxf6 24. Qd4 Kb8 25. b3 Ra6 26. Bh3 Rc6 27. Re7 cxb3 28. Qxb4 Rc1+ 29. Rxc1 Qxc1+ 30. Re1 Qc4 31. Qe7 Qc7 32. Bxd7 Qxd7 33. Qxd7 Rxd7 34. Nc5 Rd6 35. Nxb3 Rb6 36. Nd4 Rb4 37. Rd1 Kc7 38. h4 Kd6 39. h5 Bc8 40. h6 Rb8 41. f3 Bd7 42. g4 Rh8 43. g5 f6 44. f4 fxg5 45. fxg5 Ke5 46. Nf3+ Kf4 47. Kf2 Bf5 48. Rxd5 Be4 49. Rd4 Kf5 50. Rxe4 Kxe4 51. Nh4 Ke5 52. Kg3 Ra8 53. Kg4 Ke6 54. Kh5 Kf7 55. g6+ Kf6 56. h7 Kg7 57. Nf5+ Kh8 58. Ne7 Kg7 59. Nf5+ Kh8 60. Kh6 Ra6 61. Nh4 Ra7 62. Kh5 Rxh7+ 63. gxh7 1/2-1/2

[Event "GER-chT9 KI-33 Br01 email"]
[Site "GER email"]
[Date "2011.10.17"]
[Round "?"]
[White "Lehnen, Patric"]
[Black "Boos, Markus"]
[Result "1/2-1/2"]
[WhiteElo "2098"]
[BlackElo "1999"]
[PlyCount "112"]
[EventDate "2011.10.23"]
[EventType "tourn (corr)"]
[EventRounds "4"]
[EventCountry "GER"]
[SourceTitle "Corr 2015"]
[Source "ChessBase"]
[SourceDate "2015.07.17"]
[SourceVersion "1"]
[SourceVersionDate "2015.07.17"]
[SourceQuality "1"]

1. d4 Nf6 2. c4 g6 3. g3 c6 4. Nf3 d5 5. Qb3 Bg7 6. Bg2 0-0 7. 0-0 Qb6 8. Nc3 Rd8 9. c5 Qxb3 10. axb3 Na6 11. Bf4 Nd7 12. Rfd1 Re8 13. h3 f5 14. Ra3 Kf8 15. Rc1 e5 16. Nxe5 Nxe5 17. dxe5 Bxe5 18. Bxe5 Rxe5 19. e3 Nxc5 20. Nxd5 Na6 21. Nc3 Nc7 22. Rd1 a6 23. b4 Rb8 24. Na4 Re7 25. Rd8+ Re8 26. Rd2 Ke7 27. Rad3 Be6 28. Nc5 Bd5 29. e4 fxe4 30. Bxe4 Kf7 31. Re3 Re7 32. Rde2 Bxe4 33. Rxe4 Rxe4 34. Rxe4 Nb5 35. Kg2 Nd6 36. Rh4 Rh8 37. Rd4 Ke7 38. Rd1 Re8 39. b3 b6 40. Nd3 Nf7 41. Re1+ Kd7 42. Ra1 Ra8 43. Ne1 Kc7 44. Nf3 b5 45. h4 Kb6 46. Re1 Rc8 47. g4 Rc7 48. Re4 Rd7 49. Re6 Nd8 50. Re8 c5 51. bxc5+ Kxc5 52. Ne5 Rd4 53. Kf3 a5 54. Ke3 Rd6 55. Nd3+ Kb6 56. f4 Re6+ 1/2-1/2

[Event "GER-chT9 KI-33 Br01 email"]
[Site "GER email"]
[Date "2011.10.17"]
[Round "?"]
[White "Lehnen, Patric"]
[Black "Serner, Arpad"]
[Result "0-1"]
[WhiteElo "2098"]
[BlackElo "2226"]
[PlyCount "126"]
[EventDate "2011.10.23"]
[EventType "tourn (corr)"]
[EventRounds "4"]
[EventCountry "GER"]
[SourceTitle "Corr 2015"]
[Source "ChessBase"]
[SourceDate "2015.07.17"]
[SourceVersion "1"]
[SourceVersionDate "2015.07.17"]
[SourceQuality "1"]

1. d4 Nf6 2. c4 g6 3. g3 Bg7 4. Bg2 d5 5. cxd5 Nxd5 6. Nf3 Nb6 7. Nc3 Nc6 8. Bf4 0-0 9. e3 h6 10. h4 Bg4 11. Rc1 e5 12. dxe5 Qe7 13. Nd5 Nxd5 14. Qxd5 Nb4 15. Qc4 Be6 16. Qxc7 Nd3+ 17. Kd2 Qb4+ 18. Qc3 Qxc3+ 19. Rxc3 Nxf2 20. Nd4 Nxh1 21. Bxh1 Rfd8 22. Rc7 Rd7 23. Rxb7 Rxb7 24. Bxb7 Rb8 25. Nxe6 fxe6 26. Be4 g5 27. hxg5 hxg5 28. Bxg5 Rxb2+ 29. Bc2 Bxe5 30. a4 Bxg3 31. Bf6 e5 32. Kc3 Rb7 33. Bb3+ Kh7 34. Be6 Kh6 35. Bd8 Bf2 36. e4 Bd4+ 37. Kc4 Kg7 38. Bh4 Rb2 39. Bg5 Kg6 40. Be7 Ra2 41. Kb5 Re2 42. Bf5+ Kf7 43. Bg5 Be3 44. Bh4 Rh2 45. Bd8 Ke8 46. Ba5 Rb2+ 47. Kc6 Ke7 48. Bc7 Rc2+ 49. Kb7 Bd4 50. a5 Rc1 51. Bg4 Rg1 52. Bf5 Rg8 53. Kc6 Kf6 54. Kd5 Bb2 55. Be6 Rh8 56. Bd7 Ke7 57. Bf5 Rh1 58. Bg4 Rg1 59. Be2 Rc1 60. Bd6+ Kf6 61. a6 Rc2 62. Bc4 Rd2+ 63. Kc5 Ba3+ 0-1

[Event "LSS WC-2012-T-00002"]
[Site "LSS email"]
[Date "2010.12.19"]
[Round "?"]
[White "Dibley, Shane"]
[Black "Lehnen, Patric"]
[Result "0-1"]
[WhiteElo "2269"]
[BlackElo "2261"]
[PlyCount "42"]
[EventDate "2010.12.18"]
[EventType "tourn (corr)"]
[EventRounds "10"]
[EventCountry "GER"]
[SourceTitle "Telechess CBM 161"]
[Source "ChessBase"]
[SourceDate "2014.07.16"]
[SourceVersion "1"]
[SourceVersionDate "2014.07.16"]
[SourceQuality "1"]

1. d4 Nf6 2. c4 e6 3. Nc3 Bb4 4. Qc2 0-0 5. a3 Bxc3+ 6. Qxc3 b6 7. Bg5 Bb7 8. e3 d6 9. Ne2 Nbd7 10. Qc2 c5 11. Rd1 Qe7 12. dxc5 bxc5 13. Nc3 h6 14. Bf4 d5 15. cxd5 exd5 16. Be2 g5 17. Bg3 d4 18. exd4 cxd4 19. Rxd4 Bxg2 20. Rg1 Ne5 21. Rxg2 Nf3+ 0-1

[Event "LSS WC-2012-T-00002"]
[Site "LSS email"]
[Date "2010.12.19"]
[Round "?"]
[White "Lehnen, Patric"]
[Black "Staroske, Uwe"]
[Result "1/2-1/2"]
[WhiteElo "2261"]
[BlackElo "2306"]
[PlyCount "47"]
[EventDate "2010.12.18"]
[EventType "tourn (corr)"]
[EventRounds "10"]
[EventCountry "GER"]
[SourceTitle "Telechess CBM 161"]
[Source "ChessBase"]
[SourceDate "2014.07.16"]
[SourceVersion "1"]
[SourceVersionDate "2014.07.16"]
[SourceQuality "1"]

1. d4 d5 2. c4 e6 3. Nf3 Nf6 4. Nc3 Be7 5. Bf4 0-0 6. e3 Nbd7 7. Qc2 c5 8. dxc5 Nxc5 9. Be2 dxc4 10. Bxc4 a6 11. a4 Qa5 12. 0-0 b6 13. Rab1 Ncd7 14. Rfd1 Bb7 15. Ng5 Rfd8 16. Bxe6 fxe6 17. Nxe6 Rdc8 18. Ng5 Bd5 19. Rxd5 Qxd5 20. Nxd5 Rxc2 21. Nxe7+ Kf8 22. Bd6 Re8 23. Nf5+ Kg8 24. Ne7+ 1/2-1/2